Trouve les 50 Jeux Vidéos. - Statistiques

Statistiques générales
  • Ce quiz a été pris 56 fois
  • Le résultat moyen est 13 sur 50
Statistiques - réponses
Dates Première Lettre Réponse % Correct
1985 M Mario
76%
1997 G GTA
65%
2003 C Call of Duty
59%
1986 T The Legend of Zelda
57%
1984 T Tetris
53%
2011 M Minecraft
49%
2025 C Clair Obscur
47%
1993 F Fifa
47%
2007 A Assassin's Creed
43%
1987 F Final Fantasy
41%
1996 P Pokémon
39%
2010 R Red Dead Redemption
37%
2007 U Uncharted
37%
1987 S Street Fighter
31%
2013 T The Last of Us
31%
1999 S Super Smash Bros
27%
2022 E Elden Ring
24%
2001 H Halo
24%
2000 T The Sims
24%
1996 R Resident Evil
22%
1997 F Fallout
20%
1997 G Gran Turismo
20%
1999 S Silent Hill
20%
2007 T The Witcher
20%
1996 D Diablo
18%
1998 H Half-Life
18%
2017 H Hollow Knight
18%
1992 M Mortal Kombat
18%
1994 T The Elder scrolls
18%
1996 T Tomb Raider
18%
1993 D Doom
16%
2009 J Just Dance
16%
1987 M Metal Gear
16%
2004 M Monster Hunter
16%
2018 D Detroit Become Human
14%
2005 F Forza Motorsport
14%
2020 H Hades
14%
1986 C Castlevania
12%
2023 H Hogwarts Legacy
12%
2007 P Portal
12%
1982 S Star Wars
12%
2017 H Horizon
10%
1986 B Batman
8%
2007 B BioShock
8%
2015 B Bloodborne
8%
2011 D Dead Island
8%
2015 U Undertale
8%
2007 M Mass Effect
6%
2005 S Shadow of the Colossus
6%
2012 T The Walking Dead
6%
Aucun quiz correspondant
Distribution des résultats
% des personnes avec chaque résultat
Percentile par nombre de réponses
Votre historique - résultats
Vous n’avez pas pris ce quiz